| 000 | 00504nam a2200169Ia 4500 | ||
|---|---|---|---|
| 008 | 230711s9999||||xx |||||||||||||| ||und|| | ||
| 020 | _a978-81-203-4711-3 | ||
| 041 | _aENG | ||
| 082 |
_a621.31244 _bSO-S |
||
| 100 | _aSolanki, Chetan Singh | ||
| 245 | 0 |
_aSolar Photovoltaic Technology and Systems _bA Mannual for Technician, Trainers and Engineers |
|
| 250 | _a1st Ed. | ||
| 260 |
_c2021 _aNew Delhi _bPHI Learning Private Limited |
||
| 300 | _a306p. | ||
| 650 | _aElectrical Engineering | ||
| 942 | _cBK | ||
| 999 |
_c6966 _d6966 |
||